Roblox Nullscape: Curses and Greater Curses - Statistics

General Stats
  • This quiz has been taken 10 times
  • The average score is 37 of 78
Answer Stats
Minimum Level Name of Curse/Greater Curse: % Correct
5 Bigger Tripmines
88%
1 Lower Gravity
88%
5 More Tripmines
88%
10 Oblivion
88%
8 Fragile Gifts
75%
8 LAP 2
75%
1 Mighty Gong
75%
1 More Ringing
75%
1 Random Spawn
75%
10 Razorbloom
75%
5 Springloaded
75%
10 Void Implosions
75%
15 Barotrauma
63%
5 Bigger Blast
63%
5 Bloodier Meat
63%
1 Closer Husk
63%
10 Conga Line
63%
1 Further Husk
63%
15 Hollow Tiles
63%
15 Inverse Destruction
63%
1 Mart Infection
63%
1 Mart Slide
63%
10 Mass Infection
63%
1 Pacifier
63%
5 Problem Child
63%
5 Resonating Shockwaves
63%
15 Run
63%
5 Savory Ring
63%
1 Scorched Earth
63%
5 Shotgun
63%
1 Taller Husk
63%
10 Tantrum
63%
8 Ambush
50%
15 Ballet of Blades
50%
1 Bigger Marts
50%
15 Blade Bombardment
50%
15 Blade Carousel
50%
8 Camouflage
50%
1 Concussion
50%
N/A Deadly Melody
50%
15 Destroyer
50%
10 Malfunction
50%
8 Nothing?
50%
15 Random Husk
50%
1 Scattered Gifts
50%
15 Trap Card
50%
N/A Accurate Telefragger
38%
N/A Blighted Jump Pads
38%
N/A Cognitive Dissonance
38%
8 Fake Count
38%
1 Husk Block
38%
N/A Husk Express
38%
10 Minefield
38%
10 One Less Choice
38%
N/A Water Planet
38%
1 Weaker Jump Pads
38%
25 Beacon Mirage
25%
N/A Bloody Bell
25%
1 Blueprint: Cross Beams
25%
N/A Burning Boquet
25%
5 Delusion
25%
5 High Roller
25%
N/A Jackpot
25%
N/A Legion
25%
N/A Less Stairs
25%
N/A Lost Embers
25%
N/A Missle Silo
25%
10 Muted
25%
N/A Overtuned Instruments
25%
N/A Soy Retro
25%
5 Tweaked Odds
25%
0 Flip Switch
13%
1 Husk Presence
13%
N/A Mighty Cavalry
13%
N/A Nuclear Bomb
13%
5 Stairs... Stairs...
13%
N/A Teledancer
13%
N/A Tripnuke
13%
No matching quizzes found
Score Distribution
Percent of People with Each Score
Percentile by Number Answered
Your Score History
You have not taken this quiz